[Event "POL-ChT2"]
[Site "Katowice POL"]
[Date "2010.09.07"]
[Round "4"]
[White "Borgula, Rafal"]
[Black "Pieniazek, Artur"]
[Result "1/2-1/2"]
[WhiteElo "2314"]
[BlackElo "2374"]
[EventDate "2010.09.04"]
[PlyCount "76"]

1.Nf3 Nf6 2.g3 e6 3.Bg2 d5 4.d4 Be7 5.O-O O-O 6.c4 dxc4 7.Qc2 a6 8.a4 Bd7 
9.Qxc4 Bc6 10.Bg5 Bd5 11.Qc2 Be4 12.Qb3 Nc6 13.Bxf6 Bxf6 14.Nc3 Bxf3 15.
Bxf3 Nxd4 16.Qxb7 Rb8 17.Qxa6 Nxf3+ 18.exf3 Rxb2 19.Ne4 Rb6 20.Nxf6+ Qxf6 
21.Qe2 Ra8 22.Ra2 Rba6 23.Rfa1 Ra5 24.f4 h5 25.h4 g6 26.Qc4 c5 27.Rd1 Qe7 
28.Rd3 Qb7 29.Qc2 Qc6 30.Rd4 Rb8 31.Rc4 Qd5 32.Rc3 Rb4 33.Rd3 Rd4 34.Rxd4 
Qxd4 35.Qc1 Rxa4 36.Rxa4 Qxa4 37.Qxc5 Qd1+ 38.Kh2 Qf1 1/2-1/2

[Event "POL-ChT2"]
[Site "Katowice POL"]
[Date "2010.09.07"]
[Round "4"]
[White "Dobrowolski, Aleksander"]
[Black "Krainski, Aleksander"]
[Result "0-1"]
[WhiteElo "2328"]
[BlackElo "2257"]
[EventDate "2010.09.04"]
[PlyCount "106"]

1.e4 c6 2.d4 d5 3.Nd2 dxe4 4.Nxe4 Nd7 5.Ng5 Ngf6 6.Bd3 e6 7.N1f3 Bd6 8.Qe2
h6 9.Ne4 Nxe4 10.Qxe4 Qc7 11.O-O b6 12.Qg4 Kf8 13.b3 Bb7 14.Bb2 Nf6 15.Qh4
Nd5 16.Ne5 g5 17.Qg4 Nf4 18.Rfe1 Rg8 19.Bf1 c5 20.dxc5 bxc5 21.Re3 Rd8 22.
Nc4 h5 23.Qd1 Nxg2 24.Qxh5 Nxe3 25.fxe3 Ke7 26.Bd3 Qc6 27.e4 Bf4 28.Rf1 
Qe8 29.Qh7 Ba6 30.Ne5 Bxd3 31.cxd3 Bxe5 32.Bxe5 Rxd3 33.Bf6+ Kd7 34.e5 Rd4
35.Rc1 Qf8 36.Qh5 Rg6 37.Qf3 Qb8 38.Rxc5 Qb6 39.Qc3 Rd1+ 40.Kf2 Rh6 41.Ke2
Rd5 42.Rxd5+ exd5 43.Qg3 Qa6+ 44.Ke1 Qxa2 45.Qg4+ Kc7 46.Bd8+ Kb7 47.Qd7+ 
Ka6 48.Qc8+ Kb5 49.Qb7+ Kc5 50.Qe7+ Kd4 51.Qb4+ Kd3 52.Qb5+ Ke4 53.Qb4+ 
Kf5 0-1

[Event "POL-ChT2"]
[Site "Katowice POL"]
[Date "2010.09.07"]
[Round "4"]
[White "Weglarz, Joanna"]
[Black "Zmarzly, Aleksandra"]
[Result "0-1"]
[WhiteElo "2037"]
[BlackElo "2063"]
[EventDate "2010.09.04"]
[PlyCount "80"]

1.e4 e6 2.d4 d5 3.exd5 exd5 4.Bd3 Nc6 5.c3 Bd6 6.Qf3 Nge7 7.Ne2 Be6 8.Bf4 
Ng6 9.Bxd6 Qxd6 10.O-O O-O-O 11.b4 h5 12.Qg3 Qd7 13.Nf4 h4 14.Qg5 Nxf4 15.
Qxf4 g5 16.Qf6 g4 17.f4 gxf3 18.Rxf3 Ne7 19.Nd2 Rdg8 20.Re1 Rh5 21.Re5 
Rxe5 22.Qxe5 Qa4 23.Qe1 Ng6 24.Bf5 Bxf5 25.Rxf5 Re8 26.Qb1 h3 27.Rf2 hxg2 
28.Rxg2 Qd7 29.Qf1 Nh4 30.Rg3 Nf5 31.Rf3 Rg8+ 32.Kh1 Nh6 33.Rf6 Rh8 34.Nf3
Ng4 35.Rf4 f5 36.Qg2 Qe6 37.Qg3 Qe2 38.h4 Nf2+ 39.Kg1 Ne4 40.Qg2 Qe3+ 0-1

[Event "POL-ChT2"]
[Site "Katowice POL"]
[Date "2010.09.07"]
[Round "4"]
[White "Markowski, Tomasz"]
[Black "Walach, Marcin"]
[Result "1/2-1/2"]
[WhiteElo "2626"]
[BlackElo "2371"]
[EventDate "2010.09.04"]
[PlyCount "66"]

1.c4 Nf6 2.Nf3 e6 3.g3 d5 4.Bg2 c5 5.O-O Nc6 6.d4 cxd4 7.Nxd4 Qb6 8.Nxc6 
bxc6 9.Nc3 Be7 10.cxd5 exd5 11.Qc2 O-O 12.Be3 Qb4 13.Rfd1 Qg4 14.Rd4 Qe6 
15.Bf3 Bc5 16.Rd3 Bxe3 17.Rxe3 Qd6 18.Na4 Rb8 19.Rc1 Bh3 20.Qc5 Qxc5 21.
Rxc5 Rb4 22.b3 Rd4 23.Rc1 Rd2 24.a3 Rb8 25.Nc5 Kf8 26.b4 a5 27.Nb3 Ra2 28.
Nxa5 c5 29.bxc5 Rb5 30.Nb3 Rxa3 31.Nd4 Rxc5 32.Rb1 Rxe3 33.fxe3 g6 1/2-1/2

[Event "POL-ChT2"]
[Site "Katowice POL"]
[Date "2010.09.07"]
[Round "4"]
[White "Obrusnik, Michal"]
[Black "Orzech, Dominik"]
[Result "0-1"]
[WhiteElo "2210"]
[BlackElo "2422"]
[EventDate "2010.09.04"]
[PlyCount "69"]

1.d4 d5 2.c4 c6 3.Nf3 Nf6 4.e3 e6 5.b3 Nbd7 6.Bd3 Be7 7.Bb2 O-O 8.O-O b6 
9.Nc3 Bb7 10.Qc2 Qc7 11.Ne5 Rad8 12.f4 c5 13.Rad1 h6 14.Qe2 Ne4 15.Nxe4 
dxe4 16.Bb1 Nf6 17.f5 exf5 18.Rxf5 Bc8 19.Rf4 Rfe8 20.Rdf1 Bf8 21.Kh1 Re7 
22.Qf2 a6 23.Bxe4 Nxe4 24.Rxe4 f6 25.Rf4 Ree8 26.Ng4 h5 27.Nxf6+ gxf6 28.
Rxf6 Bg7 29.Rf7 Re7 30.Rf3 cxd4 31.Bxd4 Bb7 32.Rg3 h4 33.Rh3 Rf8 34.Qe1 
Bxd4 35.Qd1 0-1

[Event "POL-ChT2"]
[Site "Katowice POL"]
[Date "2010.09.07"]
[Round "4"]
[White "Brodowski, Piotr"]
[Black "Orzechowski, Jacek"]
[Result "0-1"]
[WhiteElo "2413"]
[BlackElo "2283"]
[EventDate "2010.09.04"]
[PlyCount "75"]

1.c4 e5 2.Nc3 Nf6 3.g3 d5 4.cxd5 Nxd5 5.Bg2 Nb6 6.Nf3 Nc6 7.O-O Be7 8.d3 
O-O 9.a4 a5 10.Be3 Be6 11.Bxb6 cxb6 12.Nd2 Rb8 13.Nc4 f6 14.b3 Bb4 15.Rc1 
Nd4 16.e3 Nc6 17.Nb5 Bc5 18.Qe2 Re8 19.Rfd1 Bf7 20.h3 Qe7 21.Qb2 Rbd8 22.
d4 exd4 23.exd4 Bb4 24.Nxb6 Qe2 25.Qxe2 Rxe2 26.d5 Ne5 27.Kf1 Rb2 28.f4 
Nd7 29.Nxd7 Rxd7 30.Rc8+ Bf8 31.d6 Bxb3 32.Re1 Bf7 33.Re7 Rxb5 34.Rxd7 
Rb1+ 35.Kf2 Rb2+ 36.Ke3 Be6 37.Rdd8 Bxc8 38.Bd5+ 0-1

[Event "POL-ChT2"]
[Site "Katowice POL"]
[Date "2010.09.07"]
[Round "4"]
[White "Helis, Tadeusz"]
[Black "Zezulkin, Jurij"]
[Result "0-1"]
[WhiteElo "2277"]
[BlackElo "2437"]
[EventDate "2010.09.04"]
[PlyCount "84"]

1.Nf3 Nf6 2.c4 g6 3.b4 d5 4.cxd5 Nxd5 5.Bb2 f6 6.a3 e5 7.d3 c5 8.bxc5 Nc6 
9.Qb3 Be6 10.Nbd2 Qa5 11.e4 Nc7 12.Qc2 Qxc5 13.Qxc5 Bxc5 14.Be2 Nb5 15.O-O
Nbd4 16.Nxd4 Nxd4 17.Bd1 Ke7 18.Nf3 Rhd8 19.Nxd4 Bxd4 20.Bxd4 Rxd4 21.Be2 
b5 22.f4 Rc8 23.fxe5 fxe5 24.Rfc1 Rxc1+ 25.Rxc1 Kd6 26.Kf2 a5 27.Ke3 Ra4 
28.Rc3 b4 29.axb4 axb4 30.Rc1 Ra2 31.Bf3 Rb2 32.h4 Ba2 33.Rc8 b3 34.d4 
exd4+ 35.Kxd4 Rd2+ 36.Ke3 b2 37.e5+ Kxe5 38.Re8+ Kf6 39.Rf8+ Kg7 40.Rb8 
Rc2 41.Rb7+ Kf6 42.Rb6+ Ke5 0-1

[Event "POL-ChT2"]
[Site "Katowice POL"]
[Date "2010.09.07"]
[Round "4"]
[White "Skalik, Przemyslaw"]
[Black "Stysiak, Szymon"]
[Result "1-0"]
[WhiteElo "2369"]
[BlackElo "2211"]
[EventDate "2010.09.04"]
[PlyCount "63"]

1.Nf3 d5 2.d4 Nf6 3.c4 e6 4.Nc3 c6 5.e3 Nbd7 6.Qc2 Bd6 7.Bd3 O-O 8.O-O 
dxc4 9.Bxc4 b5 10.Be2 Bb7 11.Rd1 Qb8 12.b3 Re8 13.Bb2 e5 14.h3 a6 15.dxe5 
Nxe5 16.a4 Ng6 17.Rac1 Ra7 18.Nb1 Ne4 19.Bd3 c5 20.axb5 Ba8 21.bxa6 f5 22.
Na3 f4 23.Nb5 Nxf2 24.Nxd6 Nxh3+ 25.Kh2 fxe3 26.Bxg6 hxg6 27.Qxg6 Ree7 28.
Kxh3 Bxf3 29.gxf3 e2 30.Rg1 Rxa6 31.Bxg7 Rxd6 32.Bb2+ 1-0

[Event "POL-ChT2"]
[Site "Katowice POL"]
[Date "2010.09.07"]
[Round "4"]
[White "Cherednichenko, Svetlana"]
[Black "Michna, Marta"]
[Result "1-0"]
[WhiteElo "2285"]
[BlackElo "2399"]
[EventDate "2010.09.04"]
[PlyCount "70"]

1.d4 c5 2.e3 e6 3.Nf3 Nf6 4.Bd3 b6 5.c4 Bb7 6.Nc3 d6 7.O-O Nbd7 8.b3 Be7 
9.Bb2 a6 10.Qe2 Qc7 11.Rac1 Rc8 12.Rfd1 Qb8 13.d5 e5 14.Nd2 O-O 15.f4 exf4
16.exf4 Rce8 17.g4 g6 18.Qf3 b5 19.Ba1 Nb6 20.Ne2 Nfd7 21.Ne4 Qd8 22.N2g3 
Bc8 23.Qg2 bxc4 24.bxc4 f6 25.h4 Rf7 26.h5 Nf8 27.Nf2 Na4 28.Qf3 Bd7 29.
Kg2 Qa5 30.Rh1 Bd8 31.hxg6 hxg6 32.Nge4 Be7 33.Ng5 Rg7 34.Qh3 fxg5 35.Qh5 
Ra8 1-0

[Event "POL-ChT2"]
[Site "Katowice POL"]
[Date "2010.09.07"]
[Round "4"]
[White "Rudolf, Michal"]
[Black "Wojciechowski, Piotr"]
[Result "1-0"]
[WhiteElo "2372"]
[BlackElo "2305"]
[EventDate "2010.09.04"]
[PlyCount "71"]

1.e4 c5 2.Nf3 e6 3.d4 cxd4 4.Nxd4 Nc6 5.Nc3 Qc7 6.Be3 a6 7.f4 b5 8.g3 Bb7 
9.Bg2 Nf6 10.a3 Na5 11.Qd3 Nc4 12.Bc1 Bc5 13.a4 Qb6 14.Nb3 Bf2+ 15.Ke2 Bg1
16.Nd1 Ng4 17.axb5 axb5 18.Rxa8+ Bxa8 19.Qf3 f5 20.Qf1 Bd4 21.exf5 d5 22.
Qf3 exf5 23.Nxd4 Qxd4 24.Qd3 Qf6 25.Bxd5 Ke7 26.b3 Bxd5 27.Qxd5 Rd8 28.
Qc5+ Nd6 29.Ne3 Kf7 30.Rd1 Qe7 31.h3 Nf2 32.Rxd6 Rxd6 33.Qxf5+ Kg8 34.Kxf2
Rd8 35.Qxb5 Qa7 36.Bb2 1-0

[Event "POL-ChT2"]
[Site "Katowice POL"]
[Date "2010.09.07"]
[Round "4"]
[White "Juroszek, Tadeusz"]
[Black "Warszawski, Bartosz"]
[Result "1/2-1/2"]
[WhiteElo "2365"]
[BlackElo "2309"]
[EventDate "2010.09.04"]
[PlyCount "61"]

1.e4 c5 2.Nf3 e6 3.c3 Nf6 4.e5 Nd5 5.d4 cxd4 6.cxd4 Nc6 7.a3 d6 8.Bd3 Qc7 
9.O-O dxe5 10.dxe5 Nxe5 11.Nxe5 Qxe5 12.Bb5+ Bd7 13.Bxd7+ Kxd7 14.Re1 Qf5 
15.Qb3 Bc5 16.Qxb7+ Kd6 17.Be3 Nxe3 18.Nc3 Rab8 19.Rad1+ Ke5 20.Qc7+ Kf6 
21.fxe3 Rhc8 22.Qg3 Ke7 23.b4 Bb6 24.Rf1 Qg6 25.Qd6+ Ke8 26.Ne4 Rd8 27.
Qc6+ Kf8 28.Nd6 Kg8 29.Kh1 e5 30.Rd5 h6 31.e4 1/2-1/2

[Event "POL-ChT2"]
[Site "Katowice POL"]
[Date "2010.09.07"]
[Round "4"]
[White "Kaim, Piotr"]
[Black "Flasinski, Michal"]
[Result "1/2-1/2"]
[WhiteElo "2288"]
[BlackElo "2214"]
[EventDate "2010.09.04"]
[PlyCount "118"]

1.e4 c6 2.d4 d5 3.Nd2 dxe4 4.Nxe4 Bf5 5.Ng3 Bg6 6.Nf3 e6 7.Ne5 Nd7 8.Nxg6 
hxg6 9.Qf3 Qf6 10.Qxf6 Ngxf6 11.Bd2 O-O-O 12.Be2 Nb6 13.c3 c5 14.dxc5 Bxc5
15.Rd1 Na4 16.Bc1 Bb6 17.O-O Nc5 18.Be3 Na4 19.Bxb6 Nxb6 20.Rfe1 Kc7 21.
Nf1 a5 22.Ne3 Nfd5 23.Nxd5+ Rxd5 24.Rxd5 Nxd5 25.Bf3 Ne7 26.g3 Rb8 27.Re5 
b5 28.b4 axb4 29.cxb4 Kd6 30.Rc5 Nd5 31.a3 Ra8 32.Rxb5 Rxa3 33.Kg2 Ra7 34.
Rb8 f6 35.b5 Rd7 36.Be4 g5 37.Bg6 Kc7 38.Re8 Re7 39.Rxe7+ Nxe7 40.Bf7 Kb6 
41.Bxe6 Kxb5 42.Kf3 Kc5 43.Ke4 Kd6 44.Bf7 Kc7 45.Bb3 Kd6 46.Kd4 Nf5+ 47.
Ke4 Ne7 48.Bf7 Kc7 49.f4 gxf4 50.Kxf4 Kd6 51.h4 Kc7 52.Bb3 Kd6 53.Bf7 Kc7 
54.g4 Kd6 55.g5 fxg5+ 56.hxg5 Nc6 57.Kf5 Ne7+ 58.Kf4 Nc6 59.Kf5 Ne7+ 
1/2-1/2

[Event "POL-ChT2"]
[Site "Katowice POL"]
[Date "2010.09.07"]
[Round "4"]
[White "Wandzik, Wojciech"]
[Black "Rams, Michal"]
[Result "1/2-1/2"]
[WhiteElo "2199"]
[BlackElo "2281"]
[EventDate "2010.09.04"]
[PlyCount "105"]

1.e4 g6 2.d4 Bg7 3.Nc3 d6 4.Be3 a6 5.Qd2 Nd7 6.f3 b5 7.Nh3 Bb7 8.a4 b4 9.
Nd1 c5 10.c3 bxc3 11.bxc3 Qa5 12.Bd3 Ngf6 13.Nhf2 O-O 14.d5 e6 15.dxe6 
fxe6 16.O-O d5 17.Bh6 Ne5 18.Bxg7 Kxg7 19.Qe3 Rae8 20.Re1 Bc6 21.Qe2 Nfd7 
22.Qc2 d4 23.Bf1 Rb8 24.Nd3 c4 25.Nxe5 Nxe5 26.Qd2 d3 27.f4 Qc5+ 28.Kh1 
Ng4 29.g3 e5 30.Bh3 Nf6 31.Bg2 Rb3 32.Nf2 Rfb8 33.Ra2 Rb1 34.Nd1 a5 35.f5 
R8b3 36.fxg6 hxg6 37.h3 Ra3 38.Rxa3 Qxa3 39.Qg5 Qd6 40.Kh2 Bxa4 41.Ne3 Qb6
42.Nxc4 Qb3 43.Nxe5 Be8 44.Nxd3 Rxe1 45.Nxe1 a4 46.Nf3 a3 47.e5 Ng8 48.Nd4
Qxc3 49.Ne6+ Kf7 50.Nd8+ Kg7 51.Ne6+ Kf7 52.Nd8+ Kg7 53.Ne6+ 1/2-1/2

[Event "POL-ChT2"]
[Site "Katowice POL"]
[Date "2010.09.07"]
[Round "4"]
[White "Chalupnik, Marcin"]
[Black "Gola, Karol"]
[Result "1/2-1/2"]
[WhiteElo "2247"]
[BlackElo "2211"]
[EventDate "2010.09.04"]
[PlyCount "58"]

1.e4 c5 2.Nf3 e6 3.d4 cxd4 4.Nxd4 a6 5.c4 Nf6 6.Nc3 Bb4 7.Bd3 Nc6 8.a3 
Bxc3+ 9.bxc3 Ne5 10.f4 Nxd3+ 11.Qxd3 d6 12.O-O O-O 13.e5 Nd7 14.Qg3 Nc5 
15.f5 Ne4 16.Qg4 dxe5 17.Qxe4 exd4 18.f6 dxc3 19.Bh6 Qb6+ 20.Kh1 Rd8 21.
Bxg7 Qd4 22.Qf3 c2 23.Qg3 Qd3 24.Rf3 Qd1+ 25.Rf1 Qd3 26.Rf3 Qd1+ 27.Rf1 
Qd3 28.Rf3 Qd1+ 29.Rf1 Qd3 1/2-1/2

[Event "POL-ChT2"]
[Site "Katowice POL"]
[Date "2010.09.07"]
[Round "4"]
[White "Szydlowska-Duda, Marta"]
[Black "Zajkowska, Olga"]
[Result "1-0"]
[WhiteElo "2063"]
[BlackElo "1819"]
[EventDate "2010.09.04"]
[PlyCount "81"]

1.d4 Nf6 2.Nf3 g6 3.Bf4 Bg7 4.e3 d6 5.h3 O-O 6.Be2 Nc6 7.O-O Nd7 8.Bh2 e5 
9.c3 e4 10.Nfd2 f5 11.b4 a6 12.Qb3+ Kh8 13.c4 Qe7 14.Nc3 Nf6 15.c5 g5 16.
cxd6 cxd6 17.b5 axb5 18.Nxb5 Ne8 19.Bh5 f4 20.Bxe8 Rxe8 21.Qd5 Nb4 22.Qxd6
Rxa2 23.Qxe7 Rxe7 24.Rxa2 Nxa2 25.Ra1 Bd7 26.Nd6 fxe3 27.fxe3 Be6 28.N2xe4
Bd5 29.Kf2 h6 30.Nc5 Nb4 31.Nf5 Rf7 32.g4 Nc2 33.Ra8+ Kh7 34.Rd8 Bc4 35.
Ne4 Bd3 36.Nd6 Rf8 37.Rd7 Bxf5 38.Nxf5 Kh8 39.Bd6 Rg8 40.Nxg7 Rxg7 41.Be5 
1-0

[Event "POL-ChT2"]
[Site "Katowice POL"]
[Date "2010.09.08"]
[Round "5"]
[White "Wojciechowski, Piotr"]
[Black "Jedynak, Radoslaw"]
[Result "1/2-1/2"]
[WhiteElo "2305"]
[BlackElo "2492"]
[EventDate "2010.09.04"]
[PlyCount "52"]

1.e4 e6 2.d4 d5 3.Nd2 Nf6 4.e5 Nfd7 5.Bd3 c5 6.c3 Nc6 7.Ne2 cxd4 8.cxd4 f6
9.Nf4 Nxd4 10.Qh5+ Ke7 11.exf6+ Nxf6 12.Ng6+ hxg6 13.Qxh8 Kf7 14.O-O e5 
15.Nb3 Nxb3 16.axb3 Bf5 17.Bxf5 gxf5 18.Bg5 Bc5 19.Qh3 Qd7 20.Bxf6 Kxf6 
21.Rfd1 Re8 22.Qh4+ Kf7 23.Qh5+ Kf8 24.Qh8+ Kf7 25.Qh5+ Kf8 26.Qh8+ Kf7 
1/2-1/2

[Event "POL-ChT2"]
[Site "Katowice POL"]
[Date "2010.09.08"]
[Round "5"]
[White "Shkapenko, Pavel"]
[Black "Juroszek, Tadeusz"]
[Result "1/2-1/2"]
[WhiteElo "2426"]
[BlackElo "2365"]
[EventDate "2010.09.04"]
[PlyCount "61"]

1.e4 d6 2.d4 Nf6 3.Nc3 e5 4.dxe5 dxe5 5.Qxd8+ Kxd8 6.Bg5 Be6 7.O-O-O+ Kc8 
8.f4 exf4 9.Nge2 Nbd7 10.Nxf4 Bd6 11.Nxe6 fxe6 12.g3 Re8 13.Bh3 Be5 14.Ne2
Nxe4 15.Be3 a5 16.Rhe1 Ra6 17.Nf4 Ng5 18.Bg2 Rd6 19.Nd3 Bf6 20.c4 Nf7 21.
c5 Ra6 22.Bf1 Rc6 23.Bg2 Ra6 24.Nf2 Nde5 25.Bf1 Ra8 26.Ne4 a4 27.Bh3 Ra6 
28.Bf1 Ra8 29.Bh3 Ra6 30.Bf1 Ra8 31.Nf2 1/2-1/2

[Event "POL-ChT2"]
[Site "Katowice POL"]
[Date "2010.09.08"]
[Round "5"]
[White "Flasinski, Michal"]
[Black "Slaby, Jerzy"]
[Result "1/2-1/2"]
[WhiteElo "2214"]
[BlackElo "2477"]
[EventDate "2010.09.04"]
[PlyCount "69"]

1.d4 Nf6 2.c4 e6 3.Nf3 Bb4+ 4.Nbd2 b6 5.g3 Bb7 6.Bg2 O-O 7.O-O Be7 8.b3 c5
9.Bb2 cxd4 10.Nxd4 Bxg2 11.Kxg2 Qc8 12.e4 Qb7 13.Qf3 a6 14.e5 Qxf3+ 15.
N4xf3 Ne8 16.Bd4 b5 17.Rfd1 d6 18.a4 dxe5 19.Nxe5 f6 20.Nd3 bxc4 21.Nxc4 
Nd7 22.Nb6 Nxb6 23.Bxb6 e5 24.Rac1 Rf7 25.Rc6 e4 26.Nf4 f5 27.Rd7 Bf8 28.
Rxf7 Kxf7 29.h4 Bd6 30.Bc5 Bxf4 31.gxf4 Nf6 32.b4 Nd5 33.Bd6 Ra7 34.Kg3 
Rb7 35.Rxa6 1/2-1/2

[Event "POL-ChT2"]
[Site "Katowice POL"]
[Date "2010.09.08"]
[Round "5"]
[White "Skalski, Michal"]
[Black "Wandzik, Wojciech"]
[Result "1-0"]
[WhiteElo "2447"]
[BlackElo "2199"]
[EventDate "2010.09.04"]
[PlyCount "73"]

1.d4 Nf6 2.c4 e6 3.Nf3 d5 4.Nc3 Bb4 5.cxd5 exd5 6.Bg5 O-O 7.e3 c5 8.Be2 
Nc6 9.O-O Be6 10.Rc1 h6 11.Bh4 c4 12.Ne5 Be7 13.Nxc6 bxc6 14.Bxf6 Bxf6 15.
b3 cxb3 16.axb3 Qa5 17.Na4 Rfc8 18.Rc5 Qb4 19.Qc2 Bd7 20.Bd3 Re8 21.Rc3 
Be7 22.Rc1 Rab8 23.Bf5 Red8 24.Bxd7 Rxd7 25.g3 Bf8 26.Rb1 Rdb7 27.Rxc6 Qa3
28.Rc3 Rb4 29.Kg2 a5 30.h4 R4b5 31.h5 Qe7 32.Nc5 Qa7 33.Ra1 Bd6 34.Rc1 Bf8
35.Qf5 Rd8 36.Nd3 Qa6 37.Rc6 1-0

[Event "POL-ChT2"]
[Site "Katowice POL"]
[Date "2010.09.08"]
[Round "5"]
[White "Gola, Karol"]
[Black "Kuzmicz, Krystian"]
[Result "1/2-1/2"]
[WhiteElo "2211"]
[BlackElo "2407"]
[EventDate "2010.09.04"]
[PlyCount "140"]

1.e4 g6 2.d4 Bg7 3.Nf3 c6 4.Nc3 d5 5.h3 dxe4 6.Nxe4 Nd7 7.c3 Ngf6 8.Nxf6+ 
Nxf6 9.Bf4 O-O 10.Qd2 Bf5 11.Ne5 Nd7 12.Ng4 Bxg4 13.hxg4 e5 14.Bh6 Qf6 15.
O-O-O exd4 16.g5 dxc3 17.bxc3 Bxh6 18.Rxh6 Qg7 19.Qxd7 Qxc3+ 20.Kb1 Qb4+ 
21.Ka1 Rad8 22.Qxd8 Rxd8 23.Rxd8+ Kg7 24.Rd1 Qg4 25.Rb1 Qxg5 26.Rh3 Qe5+ 
27.Rb2 Qe1+ 28.Rb1 Qxf2 29.a3 Qd4+ 30.Rb2 b5 31.Rd3 Qe5 32.Rd1 a5 33.Ka2 
Qc5 34.Rdb1 h5 35.Rb3 Qd5 36.Kb2 f5 37.Rd3 Qe5+ 38.Kc2 Qc5+ 39.Kd1 b4 40.
axb4 axb4 41.Rc1 Qf2 42.Rf3 Qb6 43.Kc2 Qd4 44.Rd3 Qe5 45.Kb3 c5 46.Rc2 Kh6
47.Rd1 Qe3+ 48.Bd3 h4 49.Kb2 Qe5+ 50.Kb3 Qd5+ 51.Kb2 Kg5 52.Rdd2 Qd4+ 53.
Ka2 Qe3 54.Bc4 Kh6 55.Bb3 f4 56.Rd5 Qg1 57.Rd3 Qe1 58.Rf3 Qe5 59.Rd3 Qe4 
60.Rf3 Qd4 61.Rc4 Qd2+ 62.Rc2 Qd6 63.Bc4 Qd4 64.Rd3 Qe4 65.Kb2 Kg7 66.Rd7+
Kf6 67.Rd6+ Kg5 68.Rd5+ Kh6 69.Rd3 Qe5+ 70.Ka2 Qe4 1/2-1/2

[Event "POL-ChT2"]
[Site "Katowice POL"]
[Date "2010.09.08"]
[Round "5"]
[White "Gasik, Anna"]
[Black "Szydlowska-Duda, Marta"]
[Result "0-1"]
[WhiteElo "2203"]
[BlackElo "2063"]
[EventDate "2010.09.04"]
[PlyCount "96"]

1.e4 e6 2.d4 d5 3.e5 c5 4.c3 Nc6 5.Nf3 Qb6 6.a3 a5 7.c4 cxd4 8.cxd5 exd5 
9.Qa4 Bd7 10.Bb5 Nxe5 11.Bxd7+ Nxd7 12.O-O Bd6 13.Nxd4 Nf6 14.Re1+ Kf8 15.
Nc3 Nc5 16.Qd1 Rd8 17.Bg5 Bb8 18.g3 h6 19.Be3 Nce4 20.Nxe4 Nxe4 21.f3 Nf6 
22.Qd3 Qd6 23.Nf5 Qd7 24.Bc5+ Kg8 25.Ne7+ Kf8 26.Nc6+ Bd6 27.Bxd6+ Qxd6 
28.Nxd8 Qxd8 29.Qb5 b6 30.b4 g6 31.bxa5 bxa5 32.Rad1 Kg7 33.Kh1 h5 34.Rd4 
Qc7 35.Rdd1 h4 36.g4 Rb8 37.Qe2 Qf4 38.Qe3 Qa4 39.g5 Nd7 40.Rxd5 Rb3 41.
Qe2 Qc6 42.Red1 Nf8 43.Kg2 Ne6 44.Qe5+ Kh7 45.Qf6 Qc7 46.Rd7 Nf4+ 47.Kh1 
Qxd7 48.Re1 Rxf3 0-1

[Event "POL-ChT2"]
[Site "Katowice POL"]
[Date "2010.09.08"]
[Round "5"]
[White "Walach, Marcin"]
[Black "Rudolf, Michal"]
[Result "1/2-1/2"]
[WhiteElo "2371"]
[BlackElo "2372"]
[EventDate "2010.09.04"]
[PlyCount "41"]

1.e4 e6 2.d4 d5 3.Nc3 Nf6 4.Bg5 dxe4 5.Nxe4 Be7 6.Bxf6 gxf6 7.Nf3 b6 8.
Bb5+ c6 9.Bd3 Bb7 10.Qe2 Qc7 11.O-O-O Nd7 12.Kb1 O-O-O 13.Ba6 f5 14.Ned2 
Rhg8 15.g3 Bf6 16.Bxb7+ Kxb7 17.Nc4 Rg4 18.Ne3 Rgg8 19.Nc4 Rg4 20.Ne3 Rgg8
21.Nc4 1/2-1/2

[Event "POL-ChT2"]
[Site "Katowice POL"]
[Date "2010.09.08"]
[Round "5"]
[White "Warszawski, Bartosz"]
[Black "Obrusnik, Michal"]
[Result "1/2-1/2"]
[WhiteElo "2309"]
[BlackElo "2210"]
[EventDate "2010.09.04"]
[PlyCount "48"]

1.e4 c5 2.Nf3 Nc6 3.d4 cxd4 4.Nxd4 e5 5.Nb5 d6 6.N1c3 a6 7.Na3 b5 8.Nd5 
Nge7 9.c4 Nd4 10.cxb5 Nxd5 11.exd5 Bd7 12.Be3 axb5 13.Bxd4 exd4 14.Bd3 
Qa5+ 15.Kf1 Be7 16.Qe2 Rb8 17.h4 Kf8 18.Nc2 Bf6 19.h5 Re8 20.Qf3 Qd2 21.
Rd1 Qg5 22.Re1 Be5 23.Qe2 Bf4 24.Qf3 Be5 1/2-1/2

[Event "POL-ChT2"]
[Site "Katowice POL"]
[Date "2010.09.08"]
[Round "5"]
[White "Orzechowski, Jacek"]
[Black "Kaim, Piotr"]
[Result "1-0"]
[WhiteElo "2283"]
[BlackElo "2288"]
[EventDate "2010.09.04"]
[PlyCount "119"]

1.c4 Nf6 2.Nc3 g6 3.e4 d6 4.d4 Nbd7 5.Nf3 e5 6.Be2 Bg7 7.d5 Nc5 8.Bg5 h6 
9.Bxf6 Qxf6 10.b4 Na6 11.O-O O-O 12.a3 c5 13.dxc6 bxc6 14.Qa4 Bb7 15.c5 
Nc7 16.cxd6 Qxd6 17.Rad1 Qe7 18.Nd2 Ne6 19.Ba6 Nd4 20.Bxb7 Qxb7 21.Nc4 
Rfd8 22.Qa5 Qe7 23.Qa6 Qe6 24.Na5 Bf8 25.Qc4 Qf6 26.Ne2 c5 27.b5 Qb6 28.
Nxd4 Rxd4 29.Rxd4 exd4 30.Nc6 Re8 31.e5 Qc7 32.Qd5 Qb7 33.a4 a6 34.Qc4 Qd7
35.f4 axb5 36.axb5 Ra8 37.Re1 d3 38.e6 d2 39.exf7+ Kh7 40.Rd1 Ra3 41.Ne5 
Qd6 42.Kf2 Bg7 43.Qe4 Rb3 44.Ke2 Rb4 45.Qa8 Qf8 46.Qxf8 Bxf8 47.Ke3 c4 48.
Kxd2 Rxb5 49.Kc3 g5 50.g3 gxf4 51.gxf4 Rb3+ 52.Kxc4 Rb4+ 53.Kd5 Rxf4 54.
Ke6 Bg7 55.Nd7 Re4+ 56.Kf5 Re2 57.Nf6+ Kh8 58.Rd8+ Bf8 59.Nh5 Rf2+ 60.Kg6 
1-0

[Event "POL-ChT2"]
[Site "Katowice POL"]
[Date "2010.09.08"]
[Round "5"]
[White "Rams, Michal"]
[Black "Helis, Tadeusz"]
[Result "1/2-1/2"]
[WhiteElo "2281"]
[BlackElo "2277"]
[EventDate "2010.09.04"]
[PlyCount "61"]

1.e4 c5 2.Nf3 e6 3.d4 cxd4 4.Nxd4 a6 5.Bd3 Bc5 6.Nb3 Ba7 7.c4 Nc6 8.Nc3 
Qh4 9.g3 Qe7 10.O-O Nf6 11.Kg2 d6 12.Re1 Ne5 13.f4 Nxd3 14.Qxd3 O-O 15.Be3
Bxe3 16.Qxe3 Bd7 17.Nd4 Rac8 18.Qd3 e5 19.Nf5 Bxf5 20.exf5 Qc7 21.fxe5 
dxe5 22.Qf3 Qxc4 23.Rxe5 Rfd8 24.Rae1 Rd2+ 25.R5e2 Rxe2+ 26.Rxe2 b5 27.a3 
h6 28.Ne4 Nxe4 29.Rxe4 Qc1 30.Re2 Qc4 31.Re4 1/2-1/2

[Event "POL-ChT2"]
[Site "Katowice POL"]
[Date "2010.09.08"]
[Round "5"]
[White "Stysiak, Szymon"]
[Black "Chalupnik, Marcin"]
[Result "1-0"]
[WhiteElo "2211"]
[BlackElo "2247"]
[EventDate "2010.09.04"]
[PlyCount "49"]

1.d4 Nf6 2.c4 c5 3.d5 b5 4.cxb5 a6 5.b6 Qxb6 6.Nc3 d6 7.Nf3 g6 8.Nd2 Bg7 
9.e4 O-O 10.Be2 Nbd7 11.Nc4 Qc7 12.h4 Nb6 13.Ne3 e6 14.h5 Bb7 15.hxg6 hxg6
16.Ng4 Nxg4 17.Bxg4 exd5 18.Nxd5 Nxd5 19.exd5 Rfe8+ 20.Kf1 Re4 21.Bh6 Bxb2
22.Qc2 Bxa1 23.Qxe4 Qd8 24.Qb1 Bd4 25.Qxg6+ 1-0

[Event "POL-ChT2"]
[Site "Katowice POL"]
[Date "2010.09.08"]
[Round "5"]
[White "Zajkowska, Olga"]
[Black "Cherednichenko, Svetlana"]
[Result "1-0"]
[WhiteElo "1819"]
[BlackElo "2285"]
[EventDate "2010.09.04"]
[PlyCount "59"]

1.d4 Nf6 2.c4 g6 3.Nc3 Bg7 4.e4 d6 5.f3 O-O 6.Bg5 Nbd7 7.Nh3 e5 8.d5 h6 9.
Be3 Ne8 10.g4 c5 11.Qd2 a6 12.Nf2 Kh7 13.Bd3 Rb8 14.h4 Qa5 15.a4 b5 16.h5 
g5 17.cxb5 Nc7 18.O-O Nf6 19.Kg2 Bd7 20.Rfb1 Qb4 21.bxa6 Rb6 22.Qe2 Ra8 
23.Bd2 c4 24.Bxc4 Nxa6 25.Nb5 Qc5 26.Be3 Qb4 27.Bxb6 Nc5 28.Bxc5 Qxc5 29.
b4 Qb6 30.a5 1-0

[Event "POL-ChT2"]
[Site "Katowice POL"]
[Date "2010.09.08"]
[Round "5"]
[White "Maksimenko, Andrei"]
[Black "Markowski, Tomasz"]
[Result "1/2-1/2"]
[WhiteElo "2544"]
[BlackElo "2626"]
[EventDate "2010.09.04"]
[PlyCount "59"]

1.d4 d6 2.Nf3 g6 3.c4 Bg7 4.Nc3 Bg4 5.e3 Nf6 6.h3 Bxf3 7.Qxf3 c6 8.Qd1 O-O
9.Be2 Nbd7 10.O-O e6 11.b3 d5 12.Bb2 Re8 13.Qc2 a6 14.Rac1 Rc8 15.Rfd1 Bh6
16.Qb1 Qe7 17.Rc2 Rcd8 18.Qc1 Qd6 19.Ba3 Qb8 20.Bb2 Qd6 21.Ba3 Qb8 22.Bb2 
Nb6 23.a4 a5 24.Ba3 Nc8 25.b4 axb4 26.Bxb4 Nd6 27.Bxd6 Qxd6 28.Rb2 Re7 29.
Qc2 Ra8 30.Rdb1 1/2-1/2

[Event "POL-ChT2"]
[Site "Katowice POL"]
[Date "2010.09.08"]
[Round "5"]
[White "Orzech, Dominik"]
[Black "Grabarczyk, Miroslaw"]
[Result "1/2-1/2"]
[WhiteElo "2422"]
[BlackElo "2475"]
[EventDate "2010.09.04"]
[PlyCount "55"]

1.Nf3 d5 2.d4 Nf6 3.c4 e6 4.Nc3 Be7 5.Bg5 O-O 6.cxd5 Nxd5 7.Bxe7 Qxe7 8.
Rc1 Rd8 9.e3 c6 10.Bd3 Nd7 11.Nxd5 exd5 12.O-O Nf6 13.Qc2 g6 14.Qc5 Qxc5 
15.dxc5 Ne8 16.Nd4 Nc7 17.b4 Ne6 18.Nb3 Bd7 19.Rfd1 Kf8 20.f4 Ke7 21.Kf2 
b6 22.Ba6 Bc8 23.Bd3 Bd7 24.Ba6 Bc8 25.Be2 Bd7 26.Ba6 Bc8 27.Bd3 Bd7 28.a4
1/2-1/2

[Event "POL-ChT2"]
[Site "Katowice POL"]
[Date "2010.09.08"]
[Round "5"]
[White "Krysztofiak, Marcin"]
[Black "Brodowski, Piotr"]
[Result "1-0"]
[WhiteElo "2463"]
[BlackElo "2413"]
[EventDate "2010.09.04"]
[PlyCount "123"]

1.d4 d5 2.Nf3 Nf6 3.c4 dxc4 4.e3 e6 5.Bxc4 a6 6.O-O c5 7.Bb3 b5 8.Nc3 Bb7 
9.Qe2 Nbd7 10.Rd1 Qb8 11.h3 cxd4 12.exd4 Bd6 13.Bxe6 fxe6 14.Qxe6+ Kd8 15.
Ne5 Kc7 16.Bf4 Re8 17.Qb3 Re7 18.Rac1 Kd8 19.Nf7+ Rxf7 20.Bxd6 Qxd6 21.
Qxf7 Qf8 22.Qb3 Rc8 23.Re1 Qd6 24.Rcd1 Rc4 25.a4 Qb4 26.Qxb4 Rxb4 27.axb5 
axb5 28.Re5 Bc6 29.Rg5 g6 30.d5 Bb7 31.d6 Bc6 32.Rd2 Rc4 33.f3 b4 34.Ne2 
Rc5 35.h4 Rd5 36.Rgxd5 Bxd5 37.Rd4 b3 38.Nf4 Bf7 39.Nd3 Ne8 40.Kf2 Kc8 41.
g4 Kb7 42.Ne5 Nxe5 43.d7 Nc6 44.Rb4+ Kc7 45.dxe8=Q Bxe8 46.Rxb3 Bf7 47.Rc3
Kd6 48.Ke3 h6 49.Ra3 Ke7 50.Ra8 Bd5 51.Rh8 Kf6 52.Rc8 Ne5 53.b4 Ke6 54.Rh8
Kf6 55.g5+ hxg5 56.hxg5+ Kxg5 57.f4+ Kf5 58.fxe5 Kxe5 59.b5 Kd6 60.Kd4 Ba2
61.Rc8 g5 62.b6 1-0